[Event "Abe Yanofsky mem U1800"]
[Site "Winnipeg CAN"]
[Date "2008.08.29"]
[Round "1"]
[White "Campbell, Gary"]
[Black "Wiebe, Isaac"]
[Result "1/2-1/2"]
[WhiteElo "1659"]
[BlackElo "1373"]
[PlyCount "71"]
[GameId "2160767910328287"]
[EventDate "2008.08.29"]
[EventType "swiss"]
[EventRounds "5"]
[EventCountry "CAN"]
[SourceTitle "EXT 2019"]
[Source "ChessBase"]
[SourceDate "2018.10.10"]
[SourceVersion "1"]
[SourceVersionDate "2018.10.10"]
[SourceQuality "1"]

1. d4 e6 2. c4 d5 3. Nc3 Nf6 4. Bg5 Nbd7 5. e3 c6 6. Nf3 Be7 7. cxd5 exd5 8. Bd3 O-O 9. O-O Re8 10. Rc1 Ne4 11. Bxe7 Qxe7 12. Re1 Ndf6 13. Qc2 Bf5 14. Nd2 Rad8 15. a3 Bg6 16. b4 Qd6 17. Nf3 Ng4 18. h3 Ngxf2 19. Bxe4 Nxe4 20. Ne5 Nxc3 21. Nxg6 Qxg6 22. Qxc3 Re4 23. b5 Rc8 24. Qb3 Qd6 25. Rc5 b6 26. Rc2 c5 27. dxc5 bxc5 28. Rd1 Rd8 29. Qd3 Re5 30. Qc3 d4 31. exd4 cxd4 32. Rxd4 Qb6 33. Kh2 Rxd4 34. Qxd4 Re8 35. Qd7 Qe3 36. Rc8 1/2-1/2

[Event "Abe Yanofsky mem U1800"]
[Site "Winnipeg CAN"]
[Date "2008.08.29"]
[Round "1"]
[White "Enns, Edward"]
[Black "Araullo, Bernadette"]
[Result "0-1"]
[WhiteElo "1195"]
[BlackElo "1587"]
[PlyCount "70"]
[GameId "2160767910328288"]
[EventDate "2008.08.29"]
[EventType "swiss"]
[EventRounds "5"]
[EventCountry "CAN"]
[SourceTitle "EXT 2019"]
[Source "ChessBase"]
[SourceDate "2018.10.10"]
[SourceVersion "1"]
[SourceVersionDate "2018.10.10"]
[SourceQuality "1"]

1. e4 d5 2. exd5 Qxd5 3. Nc3 Qa5 4. Nf3 c6 5. Be2 Nf6 6. O-O e6 7. a3 Nbd7 8. d4 Bd6 9. Bd2 Qc7 10. g3 b5 11. b4 O-O 12. Bg5 h6 13. Bc1 Re8 14. Bxb5 cxb5 15. Nxb5 Qc6 16. Nxd6 Qxd6 17. c4 Bb7 18. Bb2 Rec8 19. Rc1 Qb6 20. c5 Qb5 21. Re1 a5 22. Ne5 Nxe5 23. dxe5 Qc6 24. f3 Kh7 25. Re3 axb4 26. axb4 Rd8 27. Qe2 Ba6 28. Qf2 Rd3 29. Ra1 Rad8 30. Rxd3 Rxd3 31. Ra3 Rd1+ 32. Kg2 Bf1+ 33. Qxf1 Rxf1 34. Kxf1 Ng4 35. Kg2 Qb5 0-1

[Event "Abe Yanofsky mem U1800"]
[Site "Winnipeg CAN"]
[Date "2008.08.29"]
[Round "1"]
[White "Green, Leah"]
[Black "Barkman, Daniel"]
[Result "0-1"]
[WhiteElo "1183"]
[BlackElo "1576"]
[PlyCount "66"]
[GameId "2160767910328289"]
[EventDate "2008.08.29"]
[EventType "swiss"]
[EventRounds "5"]
[EventCountry "CAN"]
[SourceTitle "EXT 2019"]
[Source "ChessBase"]
[SourceDate "2018.10.10"]
[SourceVersion "1"]
[SourceVersionDate "2018.10.10"]
[SourceQuality "1"]

1. e4 e6 2. d4 d5 3. e5 c5 4. Nf3 Nc6 5. dxc5 Bxc5 6. Nc3 Qb6 7. Qd2 Nge7 8. Bb5 Bd7 9. O-O Nxe5 10. Bxd7+ Nxd7 11. Na4 Qb5 12. Nxc5 Nxc5 13. Qg5 Ng6 14. Qe3 Ne4 15. Qd3 Rc8 16. Nd4 Qb6 17. c3 O-O 18. Rb1 Nxc3 19. bxc3 Qxb1 20. Ba3 Qxa2 21. Bxf8 Kxf8 22. Qh3 Rxc3 23. Qh5 Qc4 24. Nf3 Rc1 25. Ne1 Qc3 26. g3 Rxe1 27. Rxe1 Qxe1+ 28. Kg2 b5 29. Qg4 b4 30. Qd4 Qe4+ 31. Qxe4 dxe4 32. Kf1 b3 33. Ke1 b2 0-1

[Event "Abe Yanofsky mem U1800"]
[Site "Winnipeg CAN"]
[Date "2008.08.29"]
[Round "1"]
[White "Magnusson, Saul"]
[Black "Green, Aaron"]
[Result "0-1"]
[WhiteElo "1447"]
[BlackElo "1746"]
[PlyCount "46"]
[GameId "2160767910328291"]
[EventDate "2008.08.29"]
[EventType "swiss"]
[EventRounds "5"]
[EventCountry "CAN"]
[SourceTitle "EXT 2019"]
[Source "ChessBase"]
[SourceDate "2018.10.10"]
[SourceVersion "1"]
[SourceVersionDate "2018.10.10"]
[SourceQuality "1"]

1. e4 c5 2. Nf3 d6 3. d4 cxd4 4. Nxd4 Nf6 5. Nc3 g6 6. f3 Bg7 7. Be3 Nc6 8. Qd2 O-O 9. Be2 Bd7 10. h4 h5 11. O-O-O Rc8 12. Rhg1 Ne5 13. g4 hxg4 14. f4 Nc4 15. Bxc4 Rxc4 16. f5 b5 17. Qd3 Qa5 18. fxg6 fxg6 19. Nb3 Qc7 20. Kb1 b4 21. Nd5 Nxd5 22. exd5 Bf5 23. Qe2 Rxc2 0-1

[Event "Abe Yanofsky mem U1800"]
[Site "Winnipeg CAN"]
[Date "2008.08.29"]
[Round "1"]
[White "Raihman, Daniel"]
[Black "Pang, Michael"]
[Result "1/2-1/2"]
[WhiteElo "1742"]
[BlackElo "1417"]
[PlyCount "63"]
[GameId "2160767910328292"]
[EventDate "2008.08.29"]
[EventType "swiss"]
[EventRounds "5"]
[EventCountry "CAN"]
[SourceTitle "EXT 2019"]
[Source "ChessBase"]
[SourceDate "2018.10.10"]
[SourceVersion "1"]
[SourceVersionDate "2018.10.10"]
[SourceQuality "1"]

1. e4 c5 2. Nf3 d6 3. d4 cxd4 4. Nxd4 Nf6 5. Nc3 a6 6. Be2 g6 7. Be3 Bg7 8. Qd2 Nc6 9. O-O-O O-O 10. g4 Nxg4 11. Bxg4 Bxg4 12. Rdg1 Ne5 13. Rg3 Nc4 14. Qd3 Nxe3 15. Qxe3 Bd7 16. Rhg1 Qb6 17. Nde2 Qxe3+ 18. Rxe3 Bc6 19. Kb1 Rac8 20. Nf4 Bd4 21. Rd3 Bxf2 22. Rf1 Bh4 23. Rh3 Bf6 24. Nfd5 Bxd5 25. Nxd5 Bg5 26. Rg3 Bh4 27. Rg4 e6 28. Rxh4 exd5 29. exd5 Rc5 30. Rd4 Rfc8 31. c3 Rb5 32. Kc2 1/2-1/2

[Event "Abe Yanofsky mem U1800"]
[Site "Winnipeg CAN"]
[Date "2008.08.29"]
[Round "1"]
[White "Tait, Bruce"]
[Black "Gannon, Keith"]
[Result "0-1"]
[WhiteElo "1263"]
[BlackElo "1659"]
[PlyCount "108"]
[GameId "2160767910328295"]
[EventDate "2008.08.29"]
[EventType "swiss"]
[EventRounds "5"]
[EventCountry "CAN"]
[SourceTitle "EXT 2019"]
[Source "ChessBase"]
[SourceDate "2018.10.10"]
[SourceVersion "1"]
[SourceVersionDate "2018.10.10"]
[SourceQuality "1"]

1. Nf3 Nf6 2. b3 d5 3. Bb2 e6 4. e3 Be7 5. c4 c6 6. Qc2 Nbd7 7. a3 O-O 8. cxd5 cxd5 9. Nc3 a6 10. d4 b6 11. Bd3 Bb7 12. O-O Re8 13. Rac1 Rc8 14. Qb1 Bd6 15. Ng5 Nf8 16. f4 h6 17. Nf3 b5 18. b4 Qe7 19. Ne5 Bxe5 20. fxe5 N6h7 21. Rf2 f5 22. Rcf1 g6 23. Qe1 Ng5 24. Rf4 Ne4 25. Ne2 Nh7 26. h4 h5 27. Ng3 Nxg3 28. Qxg3 Qg7 29. Qh2 Rc7 30. R4f2 Qh6 31. Qf4 Qxf4 32. exf4 Nf8 33. Rc2 Rxc2 34. Bxc2 Nd7 35. a4 Rc8 36. Bb3 Nb6 37. Ra1 bxa4 38. Bxa4 Rc4 39. Be8 Kg7 40. Rc1 Rxc1+ 41. Bxc1 Bc8 42. Kf2 Bd7 43. Bxd7 Nxd7 44. Ke2 Kf7 45. Kd3 Ke7 46. Kc3 Kd8 47. Kb3 Kc7 48. Ka4 Nb6+ 49. Ka5 Kb7 50. g3 Nc4+ 51. Ka4 Kb6 52. Kb3 Kb5 53. Kc3 Ka4 54. g4 hxg4 0-1

[Event "Abe Yanofsky mem U1800"]
[Site "Winnipeg CAN"]
[Date "2008.08.29"]
[Round "1"]
[White "Webb, Calvin"]
[Black "Martens, Peter"]
[Result "1-0"]
[WhiteElo "1621"]
[BlackElo "1213"]
[PlyCount "163"]
[GameId "2160767910328296"]
[EventDate "2008.08.29"]
[EventType "swiss"]
[EventRounds "5"]
[EventCountry "CAN"]
[SourceTitle "EXT 2019"]
[Source "ChessBase"]
[SourceDate "2018.10.10"]
[SourceVersion "1"]
[SourceVersionDate "2018.10.10"]
[SourceQuality "1"]

1. d4 d5 2. c4 c6 3. Nc3 Nf6 4. Nf3 Bf5 5. e3 e6 6. cxd5 cxd5 7. Bb5+ Nbd7 8. Ne5 a6 9. Nxd7 Nxd7 10. Be2 Bd6 11. h3 O-O 12. Bd3 Rc8 13. Bxf5 exf5 14. Qf3 Bb4 15. Bd2 Qa5 16. O-O Nf6 17. a3 Bd6 18. Qxf5 Qb6 19. b4 Bb8 20. Nxd5 Nxd5 21. Qxd5 Qc7 22. g3 Qc2 23. Qa2 h6 24. Rfc1 Qxa2 25. Rxa2 Rxc1+ 26. Bxc1 f5 27. Rc2 g5 28. f4 Kg7 29. Kf2 Kg6 30. Ke2 Re8 31. Kd3 Re6 32. a4 h5 33. Bd2 b6 34. b5 a5 35. Rc6 Rd6 36. Rxd6+ Bxd6 37. Kc4 g4 38. h4 Kf6 39. Bc3 Ke6 40. d5+ Kd7 41. Kd3 Bc5 42. Be1 Kd6 43. e4 Ba3 44. Bf2 Bc5 45. Bd4 Bb4 46. Be5+ Kc5 47. exf5 Kxd5 48. Bc3 Bc5 49. Be1 Kd6 50. Kc4 Ke7 51. Kd5 Bb4 52. Bf2 Kf6 53. Kc6 Bc5 54. Bxc5 bxc5 55. Kxc5 Kxf5 56. b6 Ke4 57. b7 Kf3 58. b8=Q Kxg3 59. f5+ Kxh4 60. f6 g3 61. Qxg3+ Kxg3 62. f7 h4 63. f8=Q h3 64. Qg8+ Kh2 65. Qh8 Kg2 66. Kb5 h2 67. Qxh2+ Kxh2 68. Kxa5 Kg3 69. Kb6 Kf4 70. a5 Ke5 71. a6 Kd5 72. a7 Kd6 73. a8=Q Ke5 74. Kc5 Kf4 75. Kd4 Kf5 76. Qc6 Kf4 77. Qe6 Kf3 78. Qe4+ Kg3 79. Ke3 Kh3 80. Kf3 Kh2 81. Qg4 Kh1 82. Qg2# 1-0

[Event "Abe Yanofsky mem U1800"]
[Site "Winnipeg CAN"]
[Date "2008.08.29"]
[Round "1"]
[White "Wood, Nathaniel"]
[Black "Gibbons, Lorne"]
[Result "1-0"]
[WhiteElo "1586"]
[BlackElo "1190"]
[PlyCount "53"]
[GameId "2160767910328297"]
[EventDate "2008.08.29"]
[EventType "swiss"]
[EventRounds "5"]
[EventCountry "CAN"]
[SourceTitle "EXT 2019"]
[Source "ChessBase"]
[SourceDate "2018.10.10"]
[SourceVersion "1"]
[SourceVersionDate "2018.10.10"]
[SourceQuality "1"]

1. Nf3 Nc6 2. d4 d5 3. Bf4 e6 4. e3 Bd6 5. Bg3 Nf6 6. Be2 Bd7 7. O-O O-O 8. c4 Bxg3 9. hxg3 Re8 10. Ne5 Nxe5 11. dxe5 Ne4 12. cxd5 exd5 13. Qxd5 Bc6 14. Qxd8 Raxd8 15. f4 Nxg3 16. Re1 Re6 17. Nc3 Rg6 18. Rad1 Nxe2+ 19. Rxe2 Rxd1+ 20. Nxd1 Kf8 21. e4 Rg4 22. Nf2 Rxf4 23. g3 Rf3 24. g4 Rf4 25. Kg2 Bd7 26. Kg3 Bxg4 27. Nxg4 1-0

[Event "Abe Yanofsky mem U1800"]
[Site "Winnipeg CAN"]
[Date "2008.08.30"]
[Round "2"]
[White "Araullo, Marlon"]
[Black "Wood, Nathaniel"]
[Result "1-0"]
[WhiteElo "1505"]
[BlackElo "1586"]
[PlyCount "66"]
[GameId "2160767910328299"]
[EventDate "2008.08.29"]
[EventType "swiss"]
[EventRounds "5"]
[EventCountry "CAN"]
[SourceTitle "EXT 2019"]
[Source "ChessBase"]
[SourceDate "2018.10.10"]
[SourceVersion "1"]
[SourceVersionDate "2018.10.10"]
[SourceQuality "1"]

1. e4 c5 2. Nf3 d6 3. d4 cxd4 4. Nxd4 Nf6 5. Nc3 a6 6. Be2 e5 7. Nf3 Be7 8. O-O b5 9. a3 Bb7 10. Bd3 O-O 11. Re1 Nbd7 12. Be3 Ng4 13. Bd2 Qb6 14. Rf1 Nc5 15. h3 Nf6 16. Be3 Qc7 17. Nd2 Nxd3 18. cxd3 d5 19. Bg5 Rad8 20. Qe2 Nxe4 21. Ncxe4 dxe4 22. Bxe7 exd3 23. Bxd8 Rxd8 24. Qe3 f5 25. Rac1 Qe7 26. Rfe1 h6 27. Rc3 Rd5 28. Rxd3 f4 29. Qe2 Qg5 30. Rxd5 Bxd5 31. Nf3 Qg6 32. Rd1 Be6 33. Nxe5 Qf6 1-0

[Event "Abe Yanofsky mem U1800"]
[Site "Winnipeg CAN"]
[Date "2008.08.30"]
[Round "2"]
[White "Barkman, Daniel"]
[Black "Webb, Calvin"]
[Result "0-1"]
[WhiteElo "1576"]
[BlackElo "1621"]
[PlyCount "97"]
[GameId "2160767910328300"]
[EventDate "2008.08.29"]
[EventType "swiss"]
[EventRounds "5"]
[EventCountry "CAN"]
[SourceTitle "EXT 2019"]
[Source "ChessBase"]
[SourceDate "2018.10.10"]
[SourceVersion "1"]
[SourceVersionDate "2018.10.10"]
[SourceQuality "1"]

1. e4 e6 2. d4 d5 3. e5 c5 4. c4 Nc6 5. cxd5 Qxd5 6. Nf3 cxd4 7. Qa4 Bd7 8. Qb5 Qxb5 9. Bxb5 Nxe5 10. Bxd7+ Nxd7 11. Nxd4 a6 12. O-O Ngf6 13. Re1 Be7 14. Bg5 O-O 15. Nc3 h6 16. Bh4 Rfe8 17. Nf3 Nb6 18. Ne5 Nfd5 19. Nxd5 Nxd5 20. Bg3 Rac8 21. Rac1 Bf6 22. Nd3 Be7 23. Rxc8 Rxc8 24. Rc1 Rxc1+ 25. Nxc1 Nb4 26. Be5 f6 27. Bc3 Nd5 28. Bd2 e5 29. Ne2 f5 30. f3 Bc5+ 31. Kf1 Ne3+ 32. Bxe3 Bxe3 33. Nc3 Bd4 34. Ke2 Kf7 35. Kd3 Ke6 36. b3 Bxc3 37. Kxc3 Kd5 38. Kd3 g5 39. g3 e4+ 40. fxe4+ fxe4+ 41. Ke3 g4 42. a3 a5 43. b4 axb4 44. axb4 b5 45. Kd2 Kd4 46. Ke2 Kc4 47. Ke3 Kxb4 48. Kxe4 Kc4 49. Ke3 0-1

[Event "Abe Yanofsky mem U1800"]
[Site "Winnipeg CAN"]
[Date "2008.08.30"]
[Round "2"]
[White "Einarsson, Ken"]
[Black "Ott, Richard"]
[Result "1-0"]
[WhiteElo "1669"]
[BlackElo "1398"]
[PlyCount "93"]
[GameId "2160767910328301"]
[EventDate "2008.08.29"]
[EventType "swiss"]
[EventRounds "5"]
[EventCountry "CAN"]
[SourceTitle "EXT 2019"]
[Source "ChessBase"]
[SourceDate "2018.10.10"]
[SourceVersion "1"]
[SourceVersionDate "2018.10.10"]
[SourceQuality "1"]

1. d4 Nf6 2. c4 e6 3. Nc3 Bb4 4. Bd2 c5 5. dxc5 Bxc5 6. Nf3 O-O 7. Bg5 Qa5 8. Bxf6 gxf6 9. a3 Qb6 10. e3 Nc6 11. Qc2 f5 12. Bd3 Qd8 13. O-O d5 14. cxd5 exd5 15. Bxf5 Bxf5 16. Qxf5 Ne7 17. Qg5+ Kh8 18. Qf6+ Kg8 19. Rad1 Qb6 20. Qxb6 Bxb6 21. Nxd5 Nxd5 22. Rxd5 Rac8 23. Rfd1 Rc2 24. R5d2 Rfc8 25. Rxc2 Rxc2 26. Rb1 Bd8 27. Nd4 Rc8 28. Kf1 Kf8 29. Ke2 Kg7 30. Rd1 Bf6 31. Rd2 Kg6 32. Kd3 h5 33. Rc2 Rxc2 34. Kxc2 h4 35. f4 Bd8 36. Kd3 Ba5 37. b4 Bc7 38. g3 hxg3 39. hxg3 Bd6 40. g4 a5 41. Nb5 Be7 42. bxa5 Bd8 43. Nd6 Bxa5 44. Nxb7 Bb6 45. a4 Ba7 46. a5 Kf6 47. Nd8 1-0

[Event "Abe Yanofsky mem U1800"]
[Site "Winnipeg CAN"]
[Date "2008.08.30"]
[Round "2"]
[White "Green, Aaron"]
[Black "Knight, Eugene"]
[Result "1/2-1/2"]
[WhiteElo "1746"]
[BlackElo "1539"]
[PlyCount "61"]
[GameId "2160767910328303"]
[EventDate "2008.08.29"]
[EventType "swiss"]
[EventRounds "5"]
[EventCountry "CAN"]
[SourceTitle "EXT 2019"]
[Source "ChessBase"]
[SourceDate "2018.10.10"]
[SourceVersion "1"]
[SourceVersionDate "2018.10.10"]
[SourceQuality "1"]

1. e4 c5 2. Nf3 a6 3. Nc3 e6 4. d4 cxd4 5. Nxd4 Qc7 6. a3 Nc6 7. Be2 Bc5 8. Nb3 Be7 9. Be3 d6 10. O-O Bd7 11. Kh1 O-O-O 12. f4 Nf6 13. Bf3 Be8 14. Qd2 h5 15. Qf2 Nd7 16. Na4 h4 17. Nb6+ Kb8 18. Nxd7+ Rxd7 19. Bb6 Qc8 20. a4 f5 21. exf5 exf5 22. c3 Bf6 23. Nd4 Ne7 24. Rfd1 Bh5 25. Nb5 Bxf3 26. gxf3 Qc6 27. Ba7+ Kc8 28. Nd4 Bxd4 29. Bxd4 Ng6 30. Be3 h3 31. Rg1 1/2-1/2

[Event "Abe Yanofsky mem U1800"]
[Site "Winnipeg CAN"]
[Date "2008.08.30"]
[Round "2"]
[White "Martens, Peter"]
[Black "Green, Leah"]
[Result "1-0"]
[WhiteElo "1213"]
[BlackElo "1183"]
[PlyCount "97"]
[GameId "2160767910328305"]
[EventDate "2008.08.29"]
[EventType "swiss"]
[EventRounds "5"]
[EventCountry "CAN"]
[SourceTitle "EXT 2019"]
[Source "ChessBase"]
[SourceDate "2018.10.10"]
[SourceVersion "1"]
[SourceVersionDate "2018.10.10"]
[SourceQuality "1"]

1. e4 e5 2. Nf3 Nc6 3. Nc3 Nf6 4. Bc4 Bb4 5. a3 Bxc3 6. bxc3 Nxe4 7. O-O Nf6 8. Ng5 O-O 9. d3 d5 10. Bb5 Bd7 11. Rb1 b6 12. Re1 Re8 13. c4 Nd4 14. Ba6 Ba4 15. Qd2 Nxc2 16. Re2 dxc4 17. Bxc4 Rf8 18. Rxe5 h6 19. Ne4 Nxe4 20. Rxe4 Nd4 21. Rb4 Bc6 22. Bxf7+ Rxf7 23. Rexd4 Rd7 24. Bb2 Rxd4 25. Rxd4 Qe8 26. h3 Rd8 27. Qf4 Rxd4 28. Qxd4 Qg6 29. f3 Bxf3 30. Qf2 Qxd3 31. Qxf3 Qxf3 32. gxf3 a5 33. Be5 c6 34. Bc7 b5 35. Bxa5 Kf7 36. Kf2 Ke6 37. Ke3 g6 38. f4 h5 39. Ke4 c5 40. h4 c4 41. Bd2 Kd6 42. Kd4 Kc6 43. Ke5 Kc5 44. Bb4+ Kc6 45. Kf6 c3 46. Bxc3 Kc5 47. Bb4+ Kd4 48. Kxg6 Ke4 49. f5 1-0

[Event "Abe Yanofsky mem U1800"]
[Site "Winnipeg CAN"]
[Date "2008.08.30"]
[Round "2"]
[White "Pang, Michael"]
[Black "Letain, Cory"]
[Result "1-0"]
[WhiteElo "1417"]
[BlackElo "1500"]
[PlyCount "33"]
[GameId "2160767910328306"]
[EventDate "2008.08.29"]
[EventType "swiss"]
[EventRounds "5"]
[EventCountry "CAN"]
[SourceTitle "EXT 2019"]
[Source "ChessBase"]
[SourceDate "2018.10.10"]
[SourceVersion "1"]
[SourceVersionDate "2018.10.10"]
[SourceQuality "1"]

1. e4 e5 2. Nf3 Nf6 3. Nc3 Nc6 4. d4 exd4 5. Nxd4 Bb4 6. Nxc6 bxc6 7. Bd3 O-O 8. O-O h6 9. e5 Bxc3 10. bxc3 Nd5 11. Qg4 d6 12. Qe4 f5 13. exf6 Nxf6 14. Qxc6 Bd7 15. Qc4+ d5 16. Qc5 Ne4 17. Qxd5+ 1-0

[Event "Abe Yanofsky mem U1800"]
[Site "Winnipeg CAN"]
[Date "2008.08.30"]
[Round "2"]
[White "Wasserman, Arie"]
[Black "Trinidad, Kris"]
[Result "0-1"]
[WhiteElo "1663"]
[BlackElo "1493"]
[PlyCount "121"]
[GameId "2160767910328307"]
[EventDate "2008.08.29"]
[EventType "swiss"]
[EventRounds "5"]
[EventCountry "CAN"]
[SourceTitle "EXT 2019"]
[Source "ChessBase"]
[SourceDate "2018.10.10"]
[SourceVersion "1"]
[SourceVersionDate "2018.10.10"]
[SourceQuality "1"]

1. e4 c5 2. Nf3 Nc6 3. Nc3 d6 4. Bb5 Bg4 5. h3 Bh5 6. g4 Bg6 7. Nh4 e6 8. Nxg6 hxg6 9. Qf3 a6 10. Bxc6+ bxc6 11. d3 Nf6 12. Bg5 Be7 13. Qg2 Rb8 14. Rb1 Qa5 15. f4 Rxb2 16. Rxb2 Qxc3+ 17. Kd1 Qxb2 18. e5 Nd5 19. Bxe7 Kxe7 20. Kd2 Qc3+ 21. Kc1 Rd8 22. exd6+ Kxd6 23. Qe4 Nb4 24. d4 Qa1+ 25. Kd2 Qxd4+ 26. Qxd4+ cxd4 27. Rb1 c5 28. a3 Nc6 29. Rd1 Kd5 30. Kd3 c4+ 31. Ke2 Rh8 32. Rb1 Rxh3 33. Rb7 f5 34. gxf5 gxf5 35. Rxg7 Ke4 36. Rg6 Re3+ 37. Kf2 Kxf4 38. Rh6 Ne5 39. Rh4+ Ng4+ 40. Kf1 Rxa3 41. Ke2 d3+ 42. cxd3 Rxd3 43. Rh1 e5 44. Rc1 Rd4 45. Rf1+ Kg5 46. Rc1 a5 47. Ra1 Rd5 48. Ra4 c3 49. Rc4 a4 50. Rxc3 Nf6 51. Ra3 Rd4 52. Ke3 f4+ 53. Ke2 e4 54. Rc3 Nd5 55. Rc5 Kg4 56. Rc8 f3+ 57. Kf1 e3 58. Rg8+ Kf5 59. Rf8+ Nf6 60. Ke1 Rh4 61. Kd1 0-1

[Event "Abe Yanofsky mem U1800"]
[Site "Winnipeg CAN"]
[Date "2008.08.30"]
[Round "2"]
[White "Wasserman, Leor"]
[Black "Enns, Edward"]
[Result "1-0"]
[WhiteElo "1486"]
[BlackElo "1195"]
[PlyCount "37"]
[GameId "2160767910328308"]
[EventDate "2008.08.29"]
[EventType "swiss"]
[EventRounds "5"]
[EventCountry "CAN"]
[SourceTitle "EXT 2019"]
[Source "ChessBase"]
[SourceDate "2018.10.10"]
[SourceVersion "1"]
[SourceVersionDate "2018.10.10"]
[SourceQuality "1"]

1. e4 c5 2. Nf3 d6 3. d4 cxd4 4. Nxd4 Nf6 5. Nc3 Qa5 6. f3 e5 7. Ndb5 a6 8. Nxd6+ Bxd6 9. Qxd6 Bd7 10. Bd3 Nc6 11. a3 Qd8 12. Bg5 Qe7 13. Qc7 h6 14. Bxf6 Qxf6 15. Nd5 Qh4+ 16. g3 Qd8 17. Qd6 Qa5+ 18. b4 Nxb4 19. Qe7# 1-0

[Event "Abe Yanofsky mem U1800"]
[Site "Winnipeg CAN"]
[Date "2008.08.30"]
[Round "2"]
[White "Wiebe, Isaac"]
[Black "Raihman, Daniel"]
[Result "1/2-1/2"]
[WhiteElo "1373"]
[BlackElo "1742"]
[PlyCount "99"]
[GameId "2160767910328309"]
[EventDate "2008.08.29"]
[EventType "swiss"]
[EventRounds "5"]
[EventCountry "CAN"]
[SourceTitle "EXT 2019"]
[Source "ChessBase"]
[SourceDate "2018.10.10"]
[SourceVersion "1"]
[SourceVersionDate "2018.10.10"]
[SourceQuality "1"]

1. d4 d5 2. c4 Nf6 3. cxd5 Nxd5 4. e4 Nb6 5. Nc3 e6 6. f4 Bb4 7. a3 Be7 8. Nf3 O-O 9. Be3 N8d7 10. Bd3 c5 11. O-O cxd4 12. Bxd4 Nc5 13. Bc2 Qc7 14. b4 Ncd7 15. e5 Nd5 16. Nxd5 exd5 17. Qd3 g6 18. Bb3 Nb6 19. Rac1 Qd8 20. Bc5 Bf5 21. Qd4 Bxc5 22. Rxc5 Be6 23. Rfc1 Rc8 24. a4 Rxc5 25. bxc5 Nc8 26. c6 bxc6 27. Rxc6 Qa5 28. Qc5 Qxc5+ 29. Rxc5 Nb6 30. Nd4 Rc8 31. Nxe6 fxe6 32. Rxc8+ Nxc8 33. Kf2 Kf7 34. Ke3 Ke7 35. h4 Kd7 36. Kd4 Kc6 37. g4 Ne7 38. Bc2 Kb6 39. h5 gxh5 40. gxh5 h6 41. Bg6 Nc6+ 42. Kd3 Kc5 43. Bf7 Nd8 44. Be8 a5 45. Bd7 d4 46. f5 exf5 47. Bxf5 Nc6 48. e6 Ne7 49. Be4 Nc8 50. Bb7 1/2-1/2

[Event "Abe Yanofsky mem U1800"]
[Site "Winnipeg CAN"]
[Date "2008.08.30"]
[Round "3"]
[White "Campbell, Gary"]
[Black "Wasserman, Arie"]
[Result "0-1"]
[WhiteElo "1659"]
[BlackElo "1663"]
[PlyCount "70"]
[GameId "2160767910328310"]
[EventDate "2008.08.29"]
[EventType "swiss"]
[EventRounds "5"]
[EventCountry "CAN"]
[SourceTitle "EXT 2019"]
[Source "ChessBase"]
[SourceDate "2018.10.10"]
[SourceVersion "1"]
[SourceVersionDate "2018.10.10"]
[SourceQuality "1"]

1. d4 Nf6 2. c4 d5 3. Nc3 c6 4. Nf3 Bf5 5. Qb3 Qc7 6. cxd5 cxd5 7. Nxd5 Nxd5 8. Qxd5 e6 9. Qb3 Nc6 10. Bd2 Bd6 11. Rc1 O-O 12. e3 Be4 13. Be2 Qd8 14. O-O Bd5 15. Qd3 f5 16. Ne1 Qh4 17. h3 Rf6 18. Bf3 Rg6 19. Bxd5 Qxh3 20. Bxe6+ Kh8 21. f4 Ne7 22. Qe2 Qg3 23. Qf2 Qxf2+ 24. Kxf2 Rxe6 25. Nf3 g6 26. Ng5 Rf6 27. Rh1 h5 28. g3 Kg7 29. e4 fxe4 30. Nxe4 Re6 31. Ng5 Rf6 32. Ne4 Rff8 33. Nc5 Bxc5 34. dxc5 Rad8 35. Ba5 Rc8 0-1

[Event "Abe Yanofsky mem U1800"]
[Site "Winnipeg CAN"]
[Date "2008.08.30"]
[Round "3"]
[White "Gibbons, Lorne"]
[Black "Araullo, Katrina"]
[Result "1-0"]
[WhiteElo "1190"]
[BlackElo "1084"]
[PlyCount "103"]
[GameId "2160767910328311"]
[EventDate "2008.08.29"]
[EventType "swiss"]
[EventRounds "5"]
[EventCountry "CAN"]
[SourceTitle "EXT 2019"]
[Source "ChessBase"]
[SourceDate "2018.10.10"]
[SourceVersion "1"]
[SourceVersionDate "2018.10.10"]
[SourceQuality "1"]

1. Nf3 d5 2. d4 Nf6 3. c4 e6 4. Nc3 Bb4 5. Bd2 O-O 6. Qc2 Nc6 7. e3 a6 8. O-O-O Bxc3 9. Bxc3 b5 10. cxb5 axb5 11. Qb3 Ba6 12. Bxb5 Bxb5 13. Qxb5 Qd7 14. a3 Rab8 15. Qf1 Na7 16. Rd3 Qc6 17. Ne5 Qa4 18. Qd1 Qxd1+ 19. Rhxd1 Nb5 20. Bb4 Rfe8 21. R1d2 Ne4 22. Rc2 h6 23. f3 Nf6 24. Ba5 Rbc8 25. a4 Nd6 26. Rxc7 Rxc7+ 27. Bxc7 Rc8 28. Rc3 Nde8 29. Ba5 Ra8 30. Rc5 Nd6 31. Nc6 Nb7 32. Rb5 Nd6 33. Rc5 Ra6 34. b3 Nb7 35. Nb8 Nxc5 36. Nxa6 Nxa6 37. b4 Nb8 38. b5 Nfd7 39. Bc7 Kh7 40. b6 Nc6 41. b7 f6 42. a5 Kg6 43. a6 Ndb8 44. Bxb8 Nxb8 45. a7 Na6 46. a8=Q Nc7 47. b8=Q Nxa8 48. Qxa8 h5 49. h4 Kf5 50. Qh8 g6 51. Kd2 e5 52. Qc8# 1-0

[Event "Abe Yanofsky mem U1800"]
[Site "Winnipeg CAN"]
[Date "2008.08.30"]
[Round "3"]
[White "Letain, Cory"]
[Black "Enns, Edward"]
[Result "1-0"]
[WhiteElo "1500"]
[BlackElo "1195"]
[PlyCount "105"]
[GameId "2160767910328313"]
[EventDate "2008.08.29"]
[EventType "swiss"]
[EventRounds "5"]
[EventCountry "CAN"]
[SourceTitle "EXT 2019"]
[Source "ChessBase"]
[SourceDate "2018.10.10"]
[SourceVersion "1"]
[SourceVersionDate "2018.10.10"]
[SourceQuality "1"]

1. d4 g6 2. c4 Nf6 3. Nc3 Bg7 4. Nf3 d5 5. cxd5 Nxd5 6. e4 Nxc3 7. bxc3 c5 8. Bb5+ Nc6 9. h3 O-O 10. Bxc6 bxc6 11. O-O Qa5 12. Qc2 Ba6 13. Rd1 Bc4 14. Nd2 Qa6 15. Nxc4 Qxc4 16. Qd3 Qa4 17. Be3 Rfd8 18. Rd2 e6 19. Rad1 Rab8 20. Qc2 Qc4 21. Qd3 Qxd3 22. Rxd3 Rb2 23. R3d2 Rxd2 24. Rxd2 c4 25. e5 Rd5 26. Rb2 Rb5 27. Rxb5 cxb5 28. Kf1 a5 29. Ke2 f5 30. Bg5 Kf7 31. Bd8 a4 32. Bb6 Bf8 33. Bc5 Bh6 34. Kd1 Ke8 35. Kc2 Kd7 36. Kd1 Bg7 37. g4 Bh6 38. Ke2 Bc1 39. Kd1 Bh6 40. Ke2 Ke8 41. f3 Bg5 42. Kf2 Kd7 43. Ke2 Be7 44. Bxe7 Kxe7 45. Kd2 a3 46. Ke3 h6 47. d5 exd5 48. Kd4 Ke6 49. gxf5+ gxf5 50. f4 h5 51. Kc5 b4 52. Kxb4 h4 53. Kc5 1-0

[Event "Abe Yanofsky mem U1800"]
[Site "Winnipeg CAN"]
[Date "2008.08.30"]
[Round "3"]
[White "Magnusson, Saul"]
[Black "Araullo, Bernadette"]
[Result "0-1"]
[WhiteElo "1447"]
[BlackElo "1587"]
[PlyCount "29"]
[GameId "2160767910328314"]
[EventDate "2008.08.29"]
[EventType "swiss"]
[EventRounds "5"]
[EventCountry "CAN"]
[SourceTitle "EXT 2019"]
[Source "ChessBase"]
[SourceDate "2018.10.10"]
[SourceVersion "1"]
[SourceVersionDate "2018.10.10"]
[SourceQuality "1"]

1. e4 d5 2. exd5 Qxd5 3. Nc3 Qa5 4. d4 c6 5. Nf3 e6 6. Bd3 Nf6 7. O-O Bd6 8. h3 O-O 9. Ne4 Be7 10. Bg5 Nbd7 11. Re1 Re8 12. c4 Nxe4 13. Bxe7 Nxf2 14. Kxf2 Rxe7 15. Bxh7+ 0-1